<?xml version="1.0" encoding="UTF-8"?>
<record
    xmlns:xsi="http://www.w3.org/2001/XMLSchema-instance"
    xsi:schemaLocation="http://www.loc.gov/MARC21/slim http://www.loc.gov/standards/marcxml/schema/MARC21slim.xsd"
    xmlns="http://www.loc.gov/MARC21/slim">

  <leader>00724nam a22001937a 4500</leader>
  <datafield tag="999" ind1=" " ind2=" ">
    <subfield code="c">156590</subfield>
    <subfield code="d">156590</subfield>
  </datafield>
  <controlfield tag="003">OSt</controlfield>
  <datafield tag="020" ind1=" " ind2=" ">
    <subfield code="a">9788122613391</subfield>
  </datafield>
  <datafield tag="082" ind1=" " ind2=" ">
    <subfield code="a">869</subfield>
    <subfield code="b">CAM/LU</subfield>
  </datafield>
  <datafield tag="100" ind1=" " ind2=" ">
    <subfield code="a">Camoes, Luis Vaz De</subfield>
  </datafield>
  <datafield tag="245" ind1=" " ind2=" ">
    <subfield code="a">Lusiyadhukalude ithihasam</subfield>
    <subfield code="b">/&#xD32;&#xD41;&#xD38;&#xD3F;&#xD2F;&#xD3E;&#xD26;&#xD41;&#xD15;&#xD33;&#xD41;&#xD1F;&#xD46; &#xD07;&#xD24;&#xD3F;&#xD39;&#xD3E;&#xD38;&#xD02;: &#xD07;&#xD28;&#xD4D;&#xD24;&#xD4D;&#xD2F; &#xD07;&#xD24;&#xD3F;&#xD35;&#xD43;&#xD24;&#xD4D;&#xD24;&#xD2E;&#xD3E;&#xD2F; &#xD2A;&#xD4B;&#xD7C;&#xD1A;&#xD4D;&#xD1A;&#xD41;&#xD17;&#xD40;&#xD38;&#xD4D; &#xD26;&#xD47;&#xD36;&#xD40;&#xD2F; &#xD07;&#xD24;&#xD3F;&#xD39;&#xD3E;&#xD38;&#xD02; </subfield>
  </datafield>
  <datafield tag="260" ind1=" " ind2=" ">
    <subfield code="a">Thrissur</subfield>
    <subfield code="b">Cosmo Books</subfield>
    <subfield code="c">2016</subfield>
  </datafield>
  <datafield tag="300" ind1=" " ind2=" ">
    <subfield code="a">xxxviii, 424p.</subfield>
  </datafield>
  <datafield tag="500" ind1=" " ind2=" ">
    <subfield code="a">Luciyadukalude ithihasam: india ithivrithamaya Portuguese deshiya ithihasam</subfield>
  </datafield>
  <datafield tag="534" ind1=" " ind2=" ">
    <subfield code="n">Os Lusiadas ( 1572 )</subfield>
  </datafield>
  <datafield tag="546" ind1=" " ind2=" ">
    <subfield code="a">Malayalam</subfield>
  </datafield>
  <datafield tag="650" ind1=" " ind2=" ">
    <subfield code="a">Portuguese literature</subfield>
  </datafield>
  <datafield tag="700" ind1=" " ind2=" ">
    <subfield code="a">Davees C J, Tr.</subfield>
  </datafield>
  <datafield tag="942" ind1=" " ind2=" ">
    <subfield code="2">ddc</subfield>
    <subfield code="c">BK</subfield>
  </datafield>
  <datafield tag="952" ind1=" " ind2=" ">
    <subfield code="0">0</subfield>
    <subfield code="1">0</subfield>
    <subfield code="2">ddc</subfield>
    <subfield code="4">0</subfield>
    <subfield code="7">0</subfield>
    <subfield code="8">Gen</subfield>
    <subfield code="a">KAUCLV</subfield>
    <subfield code="b">KAUCLV</subfield>
    <subfield code="c">GENERAL</subfield>
    <subfield code="d">2017-07-17</subfield>
    <subfield code="g">350.00</subfield>
    <subfield code="l">0</subfield>
    <subfield code="o">869 CAM/LU</subfield>
    <subfield code="p">227492</subfield>
    <subfield code="r">2017-07-17 00:00:00</subfield>
    <subfield code="w">2017-07-17</subfield>
    <subfield code="y">BK</subfield>
  </datafield>
</record>
